000 00325nam a2200133Ia 4500
008 100328s9999 xx 000 0 und d
082 _b72191
100 _aकुरळे श्याम.
245 _aफिरकी
260 _bअजब.
630 _aफिरकी
730 _aफिरकी
942 _cBOOK
999 _c557913
_d557910